000 00690nam a2200265Ia 4500
005 20260302114036.0
008 008 260114s9999 xx 000 0 eng d
020 _a9781350073357
037 _aTextbook
040 _aCRL
040 _beng
040 _cCRL
041 _2eng
041 _aeng
084 _qCRL
100 _aChristos Memos
_91117586
245 0 _aOpen Marxism Critical Theory as Militant Enlightenment
260 _bBloomsbury
260 _bBloomsbury Academic
260 _c2025
650 _aPhilosophy
856 _uhttps://doi.org/10.5040/9781350073357?locatt=label:secondary_bloomsburyCollections
942 _cEBOOK
999 _c1681134
_d1681134